Ivide maathramalla rubberinu sarkkar thuna, agencyum (Record no. 74942)

MARC details
000 -LEADER
fixed length control field 00244nam a22000977a 4500
100 ## - MAIN ENTRY--AUTHOR NAME
Personal name J. Jacob
245 ## - TITLE STATEMENT
Title Ivide maathramalla rubberinu sarkkar thuna, agencyum
260 ## - PUBLICATION, DISTRIBUTION, ETC. (IMPRINT)
Name of publisher Karshakasree, 29(1): 71.
Year of publication 2023
300 ## - PHYSICAL DESCRIPTION
Other physical details January 2023
942 ## - ADDED ENTRY ELEMENTS (KOHA)
Koha item type Journals
Holdings
Withdrawn status Lost status Damaged status Not for loan Home library Current library Date acquired Koha item type
        RRII Library RRII Library 10/02/2023 Journals